| 000 | 00698nam a2200301Ia 4500 | ||
|---|---|---|---|
| 008 | 210210b1935 xxu||||| |||| 00| 0 eng d | ||
| 041 | _aeng | ||
| 082 | _a954/725 | ||
| 100 | _aBAHADUR (Rao K) | ||
| 245 | _aInscriptions of Krishnarayas time from 1509 A.D to 1531 A D Vol III | ||
| 260 |
_aMadras _bSri Mahants Devasthanam Press _c1935 |
||
| 300 | _a417 | ||
| 650 | _aVol | ||
| 650 | _ato | ||
| 650 | _atime | ||
| 650 | _aKrishnarayas | ||
| 650 | _aInscriptions | ||
| 650 | _aIII | ||
| 650 | _afrom | ||
| 650 | _aD | ||
| 650 | _aA.D | ||
| 650 | _aA | ||
| 650 | _a1531 | ||
| 650 | _a1509 | ||
| 690 | _aIndian History | ||
| 700 | _aGARU (Sitarama Reddi) | ||
| 906 | _a002225 | ||
| 999 |
_c121164 _d121164 |
||